| 000 | 00846nmc a2200289 a 4500 | ||
|---|---|---|---|
| 003 | AR-BaBNM | ||
| 005 | 20251128210857.0 | ||
| 008 | 081020s2000 ||||||||||||||000 | spa|| | ||
| 020 | _a950-518-819-6 | ||
| 040 | _cAR-BaBNM | ||
| 245 | 1 | 0 |
_aLa educación a distancia _btemas para el debate en una nueva agenda educativa |
| 260 |
_aBuenos Aires _bAmorrortu Editores _c2000 |
||
| 300 | 0 | _a160 p. | |
| 490 | 0 | _aAgenda educativa | |
| 500 | 0 | _aContiene referencias bibliográficas al final de cada capítulo | |
| 650 | 4 | _aGESTION | |
| 650 | 4 | _aTUTORIA | |
| 653 | 0 | _aEDUCACION A DISTANCIA | |
| 653 | 0 | _aEDUCACION VIRTUAL | |
| 653 | 0 | _aCOMUNICACION VIRTUAL | |
| 653 | 0 | _aINSTITUCIONES EDUCATIVAS | |
| 653 | 0 | _aESPACIOS EDUCATIVOS | |
| 700 | 1 |
_aLitwin, Edith _ecompilador |
|
| 800 | 1 | _aLitwin, Edith | |
| 942 | _cBK | ||
| 998 | _cRAQUEL | ||
| 999 |
_c17272 _d17272 |
||